000 00876nam a2200229 a 4500
001 000034164
005 20200930070829.0
008 110926s2011 es 000 0 spa d
020 _a8449312663
040 _aDO-SdBNP
_bspa
_cBNPHU
245 0 0 _a¿Por qué sucedió? :
_bel terrorismo y la nueva guerra /
_cJames F. Hoge, Jr. y Gideon Rose, compiladores ; traducción de Francisco Beltrán Adell y Yolanda Fontal Rueda.
260 _aBarcelona :
_bPaidós,
_c2011.
300 _a339 p. ;
_c24 cm.
490 1 _aPaidós.
_aHistoria contemporánea ;
_v2
534 _aTítulo original.
_tHow did this happen?
700 1 _aBeltrán Adell, Francisco,
_etr.
_959578
700 1 _aFontal Rueda, Yolanda,
_etr.
_959579
700 1 _aBruno, Carlos
_ecomp.
_959580
700 1 _aRose, Gideon,
_ecomp.
_959581
830 0 _aPaidós
_pHistoria contemporánea ;
_n2
_959582
049 _aBNPD
999 _c33655
_d33655